Central Library OPAC University of Rajshahi

Themes and variations / (Record no. 19637)

MARC details
000 -LEADER
fixed length control field 00557nam a22001931 4500
001 - CONTROL NUMBER
control field 19637
003 - CONTROL NUMBER IDENTIFIER
rucl marc code BD-RjUL
005 - DATE AND TIME OF LATEST TRANSACTION
control field 20250621121000.0
008 - FIXED-LENGTH DATA ELEMENTS--GENERAL INFORMATION
fixed length control field 140225r19681963enk 000 p eng
035 ## - SYSTEM CONTROL NUMBER
System control number (BD-RjUL)19697
040 ## - CATALOGING SOURCE
Original cataloging agency DLC
Transcribing agency TxDaU
Modifying agency OCoLC
-- Uk
-- DLC
-- BD-RjUL
Language of cataloging eng
041 ## - LANGUAGE CODE
Language code of text/sound track or separate title eng
100 1# - MAIN ENTRY--PERSONAL NAME
Personal name Leishman, J. B.
Fuller form of name (James Blair),
Dates associated with a name 1902-1963.
9 (RLIN) 60339
245 10 - TITLE STATEMENT
Title Themes and variations /
Statement of responsibility, etc. Aldous Huxley
260 ## - PUBLICATION, DISTRIBUTION, ETC. (IMPRINT)
Place of publication, distribution, etc. London :
Name of publisher, distributor, etc. Chatto Windus,
Date of publication, distribution, etc. 1954
300 ## - PHYSICAL DESCRIPTION
Pagination 260 p. ;
Size 18 cm.
600 10 - SUBJECT ADDED ENTRY--PERSONAL NAME
Personal name Shakespeare, William,
Dates associated with a name 1564-1616.
942 ## - ADDED ENTRY ELEMENTS (KOHA)
Source of classification or shelving scheme Dewey Decimal Classification
Koha item type Books
Holdings
Lost status Source of classification or shelving scheme Damaged status Not for loan Collection code Permanent Location Current Location Shelving location Date acquired Source of acquisition Cost, normal purchase price Full call number Date last seen Copy number Koha item type
  Dewey Decimal Classification     Fiction Central Library, University of Rajshahi Central Library, University of Rajshahi Reading Room 12/09/1956 Pak american 15.00 824.9 HUT 1954 25/02/2014 C-1 Books